| 000 | 00732nam a2200265Ia 4500 | ||
|---|---|---|---|
| 005 | 20260302115157.0 | ||
| 008 | 008 260114s9999 xx 000 0 eng d | ||
| 020 | _a9798881818968 | ||
| 037 | _aTextbook | ||
| 040 | _aCRL | ||
| 040 | _beng | ||
| 040 | _cCRL | ||
| 041 | _2eng | ||
| 041 | _aeng | ||
| 084 | _qCRL | ||
| 100 |
_aJackie C. Horne & Joe Sutliff Sanders _91120913 |
||
| 245 | 0 | _aFrances Hodgson Burnett's The Secret Garden A Children's Classic at 100 | |
| 260 | _bBloomsbury | ||
| 260 | _bScarecrow Press | ||
| 260 | _c2011 | ||
| 650 | _aLiterary Studies | ||
| 856 | _uhttps://doi.org/10.5040/9798881818968?locatt=label:secondary_bloomsburyCollections | ||
| 942 | _cEBOOK | ||
| 999 |
_c1685240 _d1685240 |
||